PALS Provider Manual (Record no. 703)

000 -LEADER
fixed length control field 00842nam a22002657a 4500
003 - CONTROL NUMBER IDENTIFIER
control field OSt
005 - DATE AND TIME OF LATEST TRANSACTION
control field 20210421073455.0
008 - FIXED-LENGTH DATA ELEMENTS--GENERAL INFORMATION
fixed length control field 201218s2002 ||||| |||| 00| 0 eng d
020 ## - INTERNATIONAL STANDARD BOOK NUMBER
International Standard Book Number 0874933226
040 ## - CATALOGING SOURCE
Original cataloging agency eng
Language of cataloging eng
Transcribing agency DLC
Modifying agency eng
041 ## - LANGUAGE CODE
Language code of text/sound track or separate title eng
080 ## - UNIVERSAL DECIMAL CLASSIFICATION NUMBER
Universal Decimal Classification number 61
Item number H-42
100 ## - MAIN ENTRY--PERSONAL NAME
9 (RLIN) 536
Personal name Hazinski, Fran. Mary
Relator term Senior Science Editor
245 ## - TITLE STATEMENT
Title PALS Provider Manual
Statement of responsibility, etc. / by: American Heart Association Learn and Live
260 ## - PUBLICATION, DISTRIBUTION, ETC.
Place of publication, distribution, etc. Dallas
Name of publisher, distributor, etc. American Heart Association Learn and Live
Date of publication, distribution, etc. 2002
300 ## - PHYSICAL DESCRIPTION
Extent 450 p.
Other physical details ill.
650 #0 - SUBJECT ADDED ENTRY--TOPICAL TERM
9 (RLIN) 69
Topical term or geographic name entry element Medicine
653 ## - INDEX TERM--UNCONTROLLED
Uncontrolled term მედიცინა
700 ## - ADDED ENTRY--PERSONAL NAME
9 (RLIN) 537
Personal name Zaritsky, L. Arno
Relator term Editor
700 ## - ADDED ENTRY--PERSONAL NAME
9 (RLIN) 538
Personal name Nadkarni, M. Vinay
Relator term Editor
700 ## - ADDED ENTRY--PERSONAL NAME
9 (RLIN) 539
Personal name Hickey, W. Robert
Relator term Editor
700 ## - ADDED ENTRY--PERSONAL NAME
9 (RLIN) 540
Personal name Schexnayder, M. Stephen
Relator term Editor
700 ## - ADDED ENTRY--PERSONAL NAME
9 (RLIN) 541
Personal name Berg, A. Robert
Relator term Editor
942 ## - ADDED ENTRY ELEMENTS (KOHA)
Source of classification or shelving scheme
Koha item type Books
Holdings
Withdrawn status Lost status Source of classification or shelving scheme Damaged status Not for loan Permanent location Current location Date acquired Inventory number Total Checkouts Full call number Barcode Date last seen Price effective from Koha item type
          Ken Walker International University Ken Walker International University 12/18/2020 2211   61 H-42 2211 12/18/2020 12/18/2020 Books
          Ken Walker International University Ken Walker International University 12/18/2020 2201   61 H-42 2201 12/18/2020 12/18/2020 Books
          Ken Walker International University Ken Walker International University 12/18/2020 2212   61 H-42 2212 12/18/2020 12/18/2020 Books

Powered by Koha